00515nam a22001697a 450000500170000000800410001704000070005804100120006508200220007710000300009924500590012926000490018830000290023744000150026665000340028170000300031520221104151135.0221104b ||||| |||| 00| 0 eng d cAL aEnglish 223a327.101bGOVR aGovernment of West Bengal aReport of the Comptroller and Auditor General of India aWest BengalbGovernment of West Bengalc1999 axvii,94 p.bHBc29x21cm. aNo 3 Civil afor the year ended March 1999 aGOVERNMENT OF WEST BENGAL